000 00313nam a22001337a 4500
008 170609b xxu||||| |||| 00| 0 eng d
020 _a9780262621670
041 _aeng
080 _a32
100 _a19
101 _aSHH
245 _aWHAT DOES THE WORLD WANT FROM AMERICA
_cLENON.T.J
942 _2udc
_cBK
999 _c16737
_d16737